000 00487nam a2200133Ia 4500
008 260210s9999 xx 000 0 und d
024 _a10B-106-EE, 10B-112-EE, 10B-115-EE & 10B-128-EE
082 _a621.072 ALI
100 _aAli Imran, Asim Khan Afridi, Hassam Hanif Mansoor & Asad Ali Khan
245 0 _aSingle Phase Input and Output Variable Frequency Drive
260 _aKarachi:
_bUITU,
_c2010
600 _aElectronic Engineering
650 _aBachelor of Engineering (BE)
999 _c33074
_d33074